Києво-Печерський патерик (Record no. 309379)

MARC details
000 -Лідер
fixed length control field 00758nam a22002657a 4500
001 - Контрольний номер
control field 23136
003 - Ідентифікатор контрольного номера
control field UA-OsUOA
005 - Дата та час останнього входження (трансакції)
control field 20230811115710.0
007 - Фіксоване поле фізичного опису
fixed length control field ta
008 - Елементи даних фіксованої довжини – загальна інформація
fixed length control field 20040113b un ||||| |||| 00| 0 ukr d
020 ## - Міжнародний стандартний книжковий номер (ISBN)
Міжнародний стандартний книжковий номер (ISBN) (НП) 5885201129
040 ## - Джерело каталогізації
Агенція оригінальної каталогізації UA-OsUOA
Мова каталогізації ukr
Агенція, яка здійснювала перезапис UA-OsUOA
Агенція, яка здійснювала модифікацію UA-OsUOA
041 ## - Код мови
Код мови тексту/ звукової доріжки чи окремого заголовка (П) ukr
044 ## - Код країни видавця/ виробника
Код країни видавця/ виробника (П) UA
080 ## - Індекс Універсальної десяткової класифікації
Індекс Універсальної десяткової класифікації (УДК) (НП) 271(477)
090 ## - Локальний шифр розміщення
Класифікаційний індекс УДК 271(477)
Авторський знак (НП) А16
100 ## - Основне введення – ім’я особи
Ім’я особи (НП) Абрамович Д. І.
245 ## - Відомості про назву
Назва (НП) Києво-Печерський патерик
Дані про відповідальність (НП) Проф. Дмитро Абрамович
250 ## - Відомості про видання (редакцію)
Відомості про видання (редакцію) (НП) репринтне видання
260 ## - Публікація, розповсюдження і т.п. (Вихідні дані)
Місце публікації, розповсюдження і т.п. (П) К.
Ім’я/ наймення видавництва, розповсюджувача і т.п. (П) Час
Дата публікації, розповсюдження і т.п. (П) 1991
300 ## - Фізичний опис
Обсяг 280 с.
650 #7 - Додаткове предметне введення – тематичний термін
Тематичний термін чи географічна назва, як елемент введення (НП) 27 Загальна історія Християнської церкви
Джерело заголовка чи терміна UDC
942 ## - Додаткові елементи входу (Коха)
Тип елемента Koha Books
Source of classification or shelving scheme Universal Decimal Classification
955 ## - Код типу видання за змістом
Код типу видання за змістом (НП) Навчальні видання
Holdings
Стан вилучень Стан втрат Джерело класифікації або схеми стелажів Стан уражень Не для кредиту Постійне місце розташування Поточне розміщення Дата придбання Інвентарний номер Усього замовленно Повний номер виклику Штрих-код Дата останнього перегляду Ціна ефективна від Тип елемента Koha Джерело придбання Вартість, звичайна ціна покупки
    Universal Decimal Classification     АБ - Абонемент НБ АБ - Абонемент НБ 11/07/2006 1124   271 (477) А16 1124 08/11/2021 13/01/2004 Books    
    Universal Decimal Classification     АБ - Абонемент НБ АБ - Абонемент НБ 11/07/2006 1126   271 (477) А16 1126 08/11/2021 13/01/2004 Books    
    Universal Decimal Classification     АБ - Абонемент НБ АБ - Абонемент НБ 11/07/2006 1128   271 (477) А16 1128 08/11/2021 13/01/2004 Books    
    Universal Decimal Classification     АБ - Абонемент НБ АБ - Абонемент НБ 11/07/2006 1129   271 (477) А16 1129 08/11/2021 13/01/2004 Books    
    Universal Decimal Classification     АБ - Абонемент НБ АБ - Абонемент НБ 11/07/2006 1131   271 (477) А16 1131 08/11/2021 13/01/2004 Books    
    Universal Decimal Classification     АБ - Абонемент НБ АБ - Абонемент НБ 11/07/2006 1133   271 (477) А16 1133 08/11/2021 13/01/2004 Books    
    Universal Decimal Classification     АБ - Абонемент НБ АБ - Абонемент НБ 17/04/2013 142232   271 (477) А16 142232 08/11/2021 13/01/2004 Books 20/2013 5.00
    Universal Decimal Classification     АБ - Абонемент НБ АБ - Абонемент НБ 14/04/2016 150968   271 (477) А16 150968 08/11/2021 13/01/2004 Books 15/2016 5.00
    Universal Decimal Classification     ЧЗ - Читальна зала ЧЗ - Читальна зала 13/01/2004 63901   271 (477) А16 63901 07/02/2022 13/01/2004 Books   5.00
    Universal Decimal Classification     ЧЗ - Читальна зала ЧЗ - Читальна зала 13/01/2004 63902   271 (477) А16 63902 07/02/2022 13/01/2004 Books   5.00